Least Populous States Minefield Quiz Stats

 Plays Quiz Updated Jul 22, 2015

Score 0/26 Timer 07:00
1 Play Today
Rank State % Correct
50???
71.4%
47???
70.2%
44???
69.2%
48???
68.7%
46???
67.8%
39???
63.3%
43???
60%
49???
58.8%
41???
57.6%
42???
55.2%
40???
52.7%
45???
48.1%
38???
47.6%
Rank State % Correct
30???
43.4%
34???
43.4%
33???
42.4%
36???
41%
32???
33.9%
35???
33.8%
29???
31.8%
37???
31.1%
28???
28.6%
27???
26.4%
31???
24.9%
26???
19.9%
--???
5.4%

You're not logged in!

Compare scores with friends on all Sporcle quizzes.
OR
Log In

You Might Also Like...

Show Comments

Extras

Top Quizzes Today


Score Distribution

Your Account Isn't Verified!

In order to create a playlist on Sporcle, you need to verify the email address you used during registration. Go to your Sporcle Settings to finish the process.

Report this User

Report this user for behavior that violates our Community Guidelines.

Details: